000 00674nam a22002297a 4500
999 _c9732
_d9732
003 AR-CdUCM
008 190328b ||||| |||| 00| 0 spa d
040 _aMUNICIPALIDAD PROVINCIAL DEL CUSCO
_cBIBLIOTECA MUNICIPAL DEL CUSCO
041 _hger
082 _a808.8 /
_bN56 E /
100 _aNietzsche, Friedrich
_926145
245 _aEl anticristo /
260 _aBarcelona :
_bAtlante,
300 _aXIX 192 paginas ;
_c20 cm.
505 _aContenido : Literatura
650 _aNietzsche, Friedrich
_926146
650 _aObras de controversia.
_923014
650 _aFilosofĂ­a alemana
_926147
650 _aSiglo XIX.
_9971
942 _2ddc
_cLIBROS
945 _awnts